| 000 | 00875nam a2200301 a 4500 | ||
|---|---|---|---|
| 008 | |||
| 020 | _a0471901954 (pbk.) | ||
| 049 | _aMAIN | ||
| 090 |
_aHF5681.P8 _bHOL |
||
| 100 | 1 | _aHolland, F.A. | |
| 245 | 1 | 0 |
_aIntroduction to process economics / _cF.A. Holland, F.A. Watson, J.K. Wilkinson. |
| 250 | _a2nd ed. | ||
| 260 |
_aLondon : _bWiley, _cc1983. |
||
| 300 |
_axvi, 346 p. : _bill. ; _c23 cm. |
||
| 504 | _aIncludes bibliographical references. | ||
| 500 | _aIncludes index. | ||
| 650 | 0 |
_aProfit _xAccounting. |
|
| 650 | 0 | _aCost accounting. | |
| 650 | 0 | _aDecision making. | |
| 700 | 1 | _aWatson, Frank A. | |
| 700 | 1 | _aWilkinson, John K. | |
| 740 | 0 | 1 | _aProcess economics. |
| 907 |
_a.b10019881 _b09-10-12 _c17-04-03 |
||
| 003 | |||
| 005 | 20230123133504.0 | ||
| 040 | _cNUST | ||
| 942 |
_cBOOKS _kHF5681.P8 _mHOL |
||
| 999 |
_c149474 _d149474 |
||